| 000 | 01380nem0a2200361 4500 | ||
|---|---|---|---|
| 001 | RU\NLR\BIBL_A\011652263 | ||
| 005 | 20190410115043.0 | ||
| 010 |
_a978-5-906964-54-0 _d7000 экз. |
||
| 021 |
_aRU _bКН-П-18-008399 _9КН-П-18-0587 |
||
| 035 | _a(NLR Aleph) 011652263 | ||
| 035 | _a(RuMoRGB)009534991 | ||
| 090 |
_a11134497 _c11134497 |
||
| 100 | _a20180305d2018 c y0rusy50 ca | ||
| 101 | 0 | _arus | |
| 102 | _aRU | ||
| 120 | _abya xx|| | ||
| 123 | 1 | _aa | |
| 200 | 1 |
_aАтлас мира с наклейками. Народы и костюмы _bКарты _eРед. Н. Псарева |
|
| 206 | _a[Б. м-ба.] | ||
| 210 |
_aРостов-на-Дону _cГеоДом _d2018 |
||
| 215 |
_a1 атл (17с.; [2] л. наклеек) _cцв. ил. _d21х30 см |
||
| 225 | 2 | _aПсихологи рекомендуют | |
| 225 | 2 | _aАтлас мира с наклейками | |
| 300 | _aБез тит. л. Описано по обл. | ||
| 509 | 0 | 1 |
_7ca _aМир _92633185 _3RU\NLR\auth_crt\551 |
| 606 | 1 |
_aЭтнография _jАтласы для детей _9953846 _3RU\NLR\AUTH\6636214 |
|
| 608 |
_aИллюстрированные атласы _92313621 _3RU\NLR\AUTH\6601609963 |
||
| 686 |
_aШ9:Т5(2) _2rubbk |
||
| 702 | 1 |
_aПсарева Н. _4340 |
|
| 852 |
_aNLR _bК _j4-Мир 6/4512 _m88942 |
||
| 942 | _cMAP | ||
| 980 | _aNB | ||